Effect of non-rubber solids and stabilizing agents on radiation vulcanization of natural rubber latex (Record no. 51085)

MARC details
000 -LEADER
fixed length control field 00564nam a2200157Ia 4500
100 ## - MAIN ENTRY--AUTHOR NAME
Personal name Thomas E.V.
245 #0 - TITLE STATEMENT
Title Effect of non-rubber solids and stabilizing agents on radiation vulcanization of natural rubber latex
260 ## - PUBLICATION, DISTRIBUTION, ETC. (IMPRINT)
Name of publisher Proceedings of the International Symposium on Radiation Vulcanization of Natural Rubber Latex, 1990, Japan, pp. 178-188.
Year of publication 1990
650 ## - SUBJECT ADDED ENTRY--TOPICAL TERM
Topical Term Latex
650 ## - SUBJECT ADDED ENTRY--TOPICAL TERM
Topical Term Natural rubber
650 ## - SUBJECT ADDED ENTRY--TOPICAL TERM
Topical Term Non rubber solid
650 ## - SUBJECT ADDED ENTRY--TOPICAL TERM
Topical Term Radiation vulcanization
650 ## - SUBJECT ADDED ENTRY--TOPICAL TERM
Topical Term RVNRL
942 ## - ADDED ENTRY ELEMENTS (KOHA)
Koha item type Bibliography STAF
Holdings
Withdrawn status Lost status Damaged status Not for loan Home library Current library Shelving location Date acquired Koha item type
      Bibliography RRII Library RRII Library Rubber chemistry 09/04/2014 Bibliography STAF